Les expressions Lyonnaise - Statistiques

Statistiques générales
  • Ce quiz a été pris 80 fois
  • Le résultat moyen est 5 sur 15
Statistiques - réponses
Hint Réponse Signification % Correct
1 Un pelo Une personne
75%
10 Cher Beaucoup
63%
14 Chaber Regarder
55%
11 Balnav Mentir
49%
4 Une vago Une voiture
49%
5 Une gâche Une place
43%
12 Chourav Voler
40%
9 Se la racler Se la péter
38%
8 Un gone Un enfant
37%
2 Une vache Une fille
28%
13 Un trépané Un idiot
12%
15 Jacter Parler dans le dos
6%
6 Un Franjo Un mec
2%
3 Faire chauffer Enervé
0%
7 Un Franjavavine Une meuf
0%
Aucun quiz correspondant
Distribution des résultats
% des personnes avec chaque résultat
Percentile par nombre de réponses
Votre historique - résultats
Vous n’avez pas pris ce quiz